Jack Harlow Discography - Statistics

General Stats
  • This quiz has been taken 7 times
    4 since last reset
  • The average score is 58 of 103
Answer Stats
Hint Answer % Correct
Come Home the Kids Miss You Churchill Downs
100%
Jackman. Denver
100%
Thats What They All Say Face Of My City
100%
Come Home the Kids Miss You First Class
100%
Jackman. Is That Ight?
100%
Come Home the Kids Miss You Like A Blade Of Grass
100%
Monica Lonesome
100%
Come Home the Kids Miss You Movie Star
100%
Come Home the Kids Miss You Poison
100%
Monica Prague
100%
Jackman. Questions
100%
Thats What They All Say Rendezvous
100%
Thats What They All Say Tyler Herro
100%
Confetti WARSAW
100%
SWEET ACTION WHATS POPPIN
100%
Thats What They All Say Whats Poppin
100%
Come Home the Kids Miss You Young Harleezy
100%
Thats What They All Say 21C/Delta
67%
SWEET ACTION 2STYLISH
67%
Monica Against The Grain
67%
Monica All Of My Friends
67%
Thats What They All Say Already Best Friends
67%
Thats What They All Say Baxter Avenue
67%
Confetti BIG CHILLIN
67%
Jackman. Blame On Me
67%
Jackman. Common Ground
67%
Gazebo Dark Knight
67%
Come Home the Kids Miss You Dua Lipa
67%
Jackman. Gang Gang Gang
67%
Confetti GHOST
67%
Confetti ICE
67%
Come Home the Kids Miss You I'd Do Anything To Make You Smile
67%
Jackman. It Can't Be
67%
SWEET ACTION I WANNA SEE SOME ASS
67%
Monica Living Alone
67%
Monica Move Along
67%
Monica My Winter
67%
Come Home the Kids Miss You Nail Tech
67%
Jackman. No Enhancers
67%
SWEET ACTION ONCE MAY COMES
67%
Come Home the Kids Miss You Parent Trap
67%
Confetti RAIN
67%
Confetti RIVER ROAD
67%
Confetti ROTTEN
67%
Thats What They All Say Route 66
67%
Monica Say Hello
67%
SWEET ACTION SMELLS LIKE INCENSE
67%
Come Home the Kids Miss You State Fair
67%
Loose SUNDOWN
67%
Come Home the Kids Miss You Talk Of The Town
67%
Jackman. They Don't Love It
67%
Confetti THRU THE NIGHT
67%
Monica Trade Places
67%
Thats What They All Say Way Out
67%
Thats What They All Say Whats Poppin [Remix]
67%
The Handsome Harlow 5-0
33%
Loose 9TH GRADE
33%
Jackman. Ambitious
33%
Loose CAN'T CALL IT
33%
Loose CODY BANKS
33%
Thats What They All Say Creme
33%
Gazebo Detox
33%
Loose DRIP DROP
33%
Gazebo Eastern Parkway
33%
The Handsome Harlow Every Night
33%
Thats What They All Say Funny Seeing You Here
33%
Confetti GOIN BACK DOWN
33%
18 Got Me Thinking
33%
Confetti HEAVY HITTER
33%
SWEET ACTION HEY BIG HEAD
33%
18 Ice Cream
33%
Come Home the Kids Miss You I Got A Shot
33%
18 I'm Good
33%
Thats What They All Say Keep It Light
33%
Loose KNACK FOR IT
33%
Loose LIKE THIS
33%
Come Home the Kids Miss You Lil Secret
33%
Thats What They All Say Luv Is Dro
33%
18 Magazine
33%
Gazebo Maybe
33%
18 Never Woulda Known
33%
Loose NUN FREE
33%
18 Obsessed
33%
Gazebo OnnaWay
33%
SWEET ACTION OUT FRONT
33%
Loose PICKYOURPHONEUP
33%
The Handsome Harlow Power Tools
33%
The Handsome Harlow Ridin Round Town
33%
Gazebo Routine
33%
Thats What They All Say Same Guy
33%
18 Selfish
33%
Come Home the Kids Miss You Side Piece
33%
Loose SLIDE FOR ME
33%
Confetti SUNDAY NIGHT
33%
Loose SYLVIA
33%
18 The Chosen One
33%
Gazebo Tightrope
33%
Loose TOO MUCH
33%
Gazebo Used to Be
33%
Loose VACATE
33%
Confetti WALK IN THE PARK
33%
Gazebo Wasted Youth
33%
Gazebo Woyne's Outro
33%
No matching quizzes found
Score Distribution
Percent of People with Each Score
Percentile by Number Answered
Your Score History
You have not taken this quiz since the last reset